000 00442nab a2200145Ia 4500
003 ES-SlBCS
005 20210601133828.0
008 140529s1994 xxu||||| |||| 00| 0 por d
041 _apor
100 1 _aCapalbo, Creusa
_9185547
245 0 0 _aÉtica social e ética pública
_c Creusa Capalbo
650 0 4 _aÉtica Social-Ética Pública
_9210265
773 0 _tPresença Filosofica
_gvol. 19, nº. 1-2, 1994, págs. 32-36
_wRev966
942 _cAR
999 _c602768
_d602768